000 00579nam a2200229Ia 4500
003 OSt
005 20221005122704.0
006 a|||||r|||| 00| 0
007 ta
008 221004b |||||||| |||| 00| 0 kan d
024 _a61529
037 _cTextual
040 _aCRL
_cCRL
_bkan
041 _2kan
_akan
082 _aP33,J9(12), 33L3.2
100 _aMurthy
_9632003
245 0 _aKannada pathagalu-2
260 _c1973
650 _aLANGUAGE AND LANGUAGES
_98342
942 _hP33,J9(12), 33L3.2
_cTEXL
_2cc
999 _c1045099
_d1045099